Rural IT boost (Record no. 66132)

MARC details
000 -LEADER
fixed length control field 00796cam a2200193 4500
001 - CONTROL NUMBER
control field WB3707-19
008 - FIXED-LENGTH DATA ELEMENTS--GENERAL INFORMATION
fixed length control field 000000n2001 000 0 eng u
035 ## - SYSTEM CONTROL NUMBER
System control number (Sirsi) u110952
245 ## - TITLE STATEMENT
Title Rural IT boost
260 ## - PUBLICATION, DISTRIBUTION, ETC.
Date of publication, distribution, etc. 2001
490 ## - SERIES STATEMENT
Series statement Cabinet Office News Release
Volume/sequential designation (038/01) 13 February 2001
490 ## - SERIES STATEMENT
Series statement Countryside Agency Press Release
Volume/sequential designation (2001/7) 13 February 2001, (5)
520 ## - SUMMARY, ETC.
Summary, etc. The government has announced a £30m plan to boost IT in rural areas in order to match IT levels in urban areas. The report, "UK online: the broadband future" outlines an action plan to keep the UK at the forefront of e-commerce and the internet revolution.
590 ## - LOCAL NOTE (RLIN)
Local note WB
650 ## - SUBJECT ADDED ENTRY--TOPICAL TERM
Topical term or geographic name entry element BROADBAND TECHNOLOGY
650 ## - SUBJECT ADDED ENTRY--TOPICAL TERM
Topical term or geographic name entry element RURAL DEVELOPMENT
690 ## - LOCAL SUBJECT ADDED ENTRY--TOPICAL TERM (OCLC, RLIN)
Topical term or geographic name as entry element INFORMATION TECHNOLOGY-INTERNET
942 ## - ADDED ENTRY ELEMENTS (KOHA)
Suppress in OPAC 0
Holdings
Withdrawn status Lost status Source of classification or shelving scheme Damaged status Not for loan Home library Current library Shelving location Date acquired Total Checkouts Full call number Barcode Date last seen Copy number Price effective from Koha item type
    Dewey Decimal Classification     London London News article 15/02/2001   WB3707-19 110952-1001 06/08/2019 1 06/08/2019 News article